Handbook of Palliative Care in Cancer (Record no. 680)

MARC details
000 -LEADER
fixed length control field 00837pam a2200265 a 4500
001 - CONTROL NUMBER
control field 1146053
003 - CONTROL NUMBER IDENTIFIER
control field OSt
005 - DATE AND TIME OF LATEST TRANSACTION
control field 20190827092700.0
008 - FIXED-LENGTH DATA ELEMENTS--GENERAL INFORMATION
fixed length control field 951211s1996 maua b 001 0 eng c
010 ## - LIBRARY OF CONGRESS CONTROL NUMBER
LC control number 95052215
020 ## - INTERNATIONAL STANDARD BOOK NUMBER
International Standard Book Number 075069744X (alk. paper)
040 ## - CATALOGING SOURCE
Original cataloging agency DNLM/DLC
Transcribing agency DLC
Modifying agency DLC
050 00 - LIBRARY OF CONGRESS CALL NUMBER
Classification number RC271.P33
Item number W34 1996
060 10 - NATIONAL LIBRARY OF MEDICINE CALL NUMBER
Classification number QZ 266 W198h 1996
082 00 - DEWEY DECIMAL CLASSIFICATION NUMBER
Classification number QZ 200 WAL 1996
Edition number 20
100 1# - MAIN ENTRY--PERSONAL NAME
Personal name Waller, Alexander; Nancy L. Caroline.
9 (RLIN) 1782
245 10 - TITLE STATEMENT
Title Handbook of Palliative Care in Cancer
260 ## - PUBLICATION, DISTRIBUTION, ETC. (IMPRINT)
Place of publication, distribution, etc. Boston :
Name of publisher, distributor, etc. Butterworth-Heinemann,
Date of publication, distribution, etc. c1996.
300 ## - PHYSICAL DESCRIPTION
Extent xxxi, 485 p. :
Other physical details ill. ;
Dimensions 22 cm.
504 ## - BIBLIOGRAPHY, ETC. NOTE
Bibliography, etc Includes bibliographical references and index.
650 #0 - SUBJECT ADDED ENTRY--TOPICAL TERM
Topical term or geographic name as entry element Cancer
General subdivision Palliative treatment.
9 (RLIN) 1783
650 12 - SUBJECT ADDED ENTRY--TOPICAL TERM
Topical term or geographic name as entry element Neoplasms
General subdivision therapy.
9 (RLIN) 1784
906 ## - LOCAL DATA ELEMENT F, LDF (RLIN)
a 7
b cbc
c orignew
d 1
e ocip
f 19
g y-gencatlg
942 ## - ADDED ENTRY ELEMENTS (KOHA)
Source of classification or shelving scheme Other/Generic Classification Scheme
Koha item type Short Loan
Holdings
Withdrawn status Lost status Source of classification or shelving scheme Damaged status Not for loan Home library Current library Date acquired Source of acquisition Inventory number Total Checkouts Full call number Barcode Date last seen Price effective from Koha item type
    Other/Generic Classification Scheme     MUST Main Library MUST Main Library 05/11/2014 Purchase 2002/16943   QZ 200 WAL 1996 2014-3271 05/11/2014 05/11/2014 Short Loan